000 00756nam a22002177a 4500
999 _c20657
_d20657
003 AR-CdUCM
008 190603b ||||| |||| 00| 0 spa d
040 _aMUNICIPALIDAD PROVINCIAL DEL CUSCO
_cBIBLIOTECA MUNICIPAL DEL CUSCO
082 _a985.612 /
_bF43
100 _aFerrandiz Castro, Irwin Antonio
_943184
245 _aRaqchi :
_bCerámica pre-hispanica y contemporanea /
260 _aCusco :
_c2005.
300 _a175 páginas ;
_bIlustraciones, imagenes
_c26 cm.
505 _aContenido : Generalidades de Raqchi -- Población contemporánea -- Cerámica...
650 _aArte
_9561
650 _aHistoria
_9136
650 _aAnálisis ceramográfico
_943185
700 _aUscachi Santos, Ismael
_943186
942 _2ddc
_cLIBROS
945 _arcc